[Event "7th Southwest Class Ch."]
[Site "Dallas"]
[Date "2016.02.12"]
[Round "3.20"]
[White "Bykovstev, Agata"]
[Black "Polavaram, Rithik"]
[Result "1-0"]
[WhiteElo "2176"]
[BlackElo "1826"]
[PlyCount "87"]
[EventDate "2016.02.??"]
[EventType "swiss"]
[EventRounds "9"]
[EventCountry "USA"]

1. e4 e5 2. Nf3 Nc6 3. Bb5 a6 4. Ba4 Nf6 5. Qe2 b5 6. Bb3 Bc5 7. c3 d6 8. O-O
O-O 9. Rd1 Bg4 10. h3 Bh5 11. d3 Re8 12. Nbd2 Bb6 13. Nf1 d5 14. Bg5 d4 15. g4
Bg6 16. Ng3 h6 17. Bd2 Na5 18. Bc2 c5 19. Nf5 c4 20. cxd4 exd4 21. Bxa5 Bxa5
22. dxc4 Bxf5 23. gxf5 bxc4 24. Rxd4 Qb6 25. Rxc4 Nd5 26. e5 Qb5 27. Ba4 Nf4
28. Qc2 Nxh3+ 29. Kg2 Qb7 30. Bc6 Qe7 31. Bxa8 Ng5 32. Bc6 Rb8 33. Qe2 Nxf3 34.
Bxf3 Qg5+ 35. Rg4 Qxf5 36. Qe4 Qe6 37. Qd5 Qb6 38. Rd1 Bb4 39. Be4 Qa7 40. Qd7
Qc5 41. e6 Qe5 42. Qxf7+ Kh8 43. Rd7 Bf8 44. Qg6 1-0

[Event "7th Southwest Class Ch."]
[Site "Dallas"]
[Date "2016.02.12"]
[Round "3.23"]
[White "Song, Terry"]
[Black "Stukopin, Andrey"]
[Result "1/2-1/2"]
[WhiteElo "2200"]
[BlackElo "2582"]
[PlyCount "102"]
[EventDate "2016.02.??"]
[EventType "swiss"]
[EventRounds "9"]
[EventCountry "USA"]

1. e4 c5 2. Nf3 e6 3. d4 cxd4 4. Nxd4 Nc6 5. Nc3 Qc7 6. Be3 a6 7. Qd2 Nf6 8.
O-O-O Bb4 9. f3 Ne7 10. a3 Bxc3 11. Qxc3 Qxc3 12. bxc3 d5 13. e5 Nd7 14. f4 b6
15. Bd3 Nc5 16. Nb3 Na4 17. Kd2 Bd7 18. Rb1 O-O 19. Nd4 Rfc8 20. Ne2 b5 21. g4
Nc6 22. Bd4 Na5 23. Nc1 Nc4+ 24. Bxc4 dxc4 25. Ne2 Bc6 26. Rhf1 Rd8 27. Ke3 Rd7
28. f5 exf5 29. gxf5 Re8 30. Rg1 Rd5 31. Ng3 Kf8 32. Kf4 g6 33. Ne4 Rxd4 34.
cxd4 Bxe4 35. Kxe4 Nc3+ 36. Kf4 Ne2+ 37. Ke3 Nxg1 38. Rxg1 gxf5 39. Rg3 Ke7 40.
d5 Rd8 41. Kd4 f4 42. Rg4 f3 43. Rf4 Rg8 44. d6+ Ke8 45. Kd5 Rg2 46. Kc6 Re2
47. d7+ Ke7 48. Rd4 Kd8 49. Rg4 Rg2 50. Rf4 Rg6+ 51. Kd5 Rg7 1/2-1/2

[Event "7th Southwest Class Ch."]
[Site "Dallas"]
[Date "2016.02.12"]
[Round "3.24"]
[White "Franco, Eduardo"]
[Black "Xie, Tianming"]
[Result "1/2-1/2"]
[WhiteElo "2167"]
[BlackElo "1988"]
[PlyCount "58"]
[EventDate "2016.02.??"]
[EventType "swiss"]
[EventRounds "9"]
[EventCountry "USA"]

1. d4 d5 2. Nf3 Nf6 3. c4 e6 4. Nc3 Be7 5. Bf4 O-O 6. e3 Nbd7 7. Rc1 Nh5 8. Bg3
Nxg3 9. hxg3 Nf6 10. Bd3 dxc4 11. Bxc4 c5 12. Bd3 cxd4 13. Nxd4 g6 14. O-O e5
15. Nb3 Bd7 16. Be2 Rc8 17. Bf3 Bc6 18. Bxc6 Rxc6 19. Qe2 a6 20. Rfd1 Qc7 21.
e4 Rd8 22. Rxd8+ Bxd8 23. Rd1 Be7 24. Qd3 b5 25. Nd5 Nxd5 26. exd5 Rd6 27. Qe4
Rd8 28. g4 Bg5 29. g3 a5 1/2-1/2

[Event "7th Southwest Class Ch."]
[Site "Dallas"]
[Date "2016.02.12"]
[Round "3.25"]
[White "Gutman, Joshua"]
[Black "Feinstein, Michael"]
[Result "1-0"]
[WhiteElo "2092"]
[BlackElo "2163"]
[PlyCount "57"]
[EventDate "2016.02.??"]
[EventType "swiss"]
[EventRounds "9"]
[EventCountry "USA"]

1. d4 Nf6 2. c4 Na6 3. Nc3 d6 4. Bg5 c6 5. Bxf6 gxf6 6. Nf3 Bg4 7. e3 h5 8. Be2
h4 9. h3 Bf5 10. a3 Nc7 11. Bd3 Bxd3 12. Qxd3 e6 13. e4 Qd7 14. O-O O-O-O 15.
d5 Bh6 16. Rfd1 cxd5 17. cxd5 Kb8 18. b4 Bf4 19. Rab1 Be5 20. b5 Bxc3 21. Qxc3
Ne8 22. Nd4 Rc8 23. Qe3 Ka8 24. Rb4 Rc5 25. dxe6 fxe6 26. Ra4 Rh7 27. Nb3 Qc8
28. Nxc5 dxc5 29. Qxc5 1-0

[Event "7th Southwest Class Ch."]
[Site "Dallas"]
[Date "2016.02.12"]
[Round "3.26"]
[White "Guo, Arthur"]
[Black "Vaidya, Atulya"]
[Result "0-1"]
[WhiteElo "2010"]
[BlackElo "2103"]
[PlyCount "78"]
[EventDate "2016.02.??"]
[EventType "swiss"]
[EventRounds "9"]
[EventCountry "USA"]

1. e4 c6 2. d4 d5 3. exd5 cxd5 4. Bd3 Nf6 5. c3 Nc6 6. h3 g6 7. Nf3 Bg7 8. O-O
O-O 9. Bf4 Re8 10. Re1 Ne4 11. Nbd2 f5 12. Bb5 Qb6 13. Bxc6 bxc6 14. Qb3 Ba6
15. Rad1 h6 16. Be5 Bf6 17. Qc2 c5 18. Qb3 Qc6 19. Nxe4 fxe4 20. Nh2 Bxe5 21.
dxe5 Bd3 22. Rd2 Kh7 23. Qd1 Rf8 24. Qg4 Rf5 25. f4 Raf8 26. g3 g5 27. Rg2 Qg6
28. Re3 c4 29. Kh1 Rg8 30. a3 h5 31. Qd1 gxf4 32. Re1 f3 33. Rf2 Qxg3 34. Qd2
e3 35. Qxe3 Qg2+ 36. Rxg2 fxg2+ 37. Kg1 Rf1+ 38. Nxf1 gxf1=Q+ 39. Kh2 Rg2# 0-1

[Event "7th Southwest Class Ch."]
[Site "Dallas"]
[Date "2016.02.12"]
[Round "3.27"]
[White "Potula, Kapish"]
[Black "Yanayt, Eugene"]
[Result "0-1"]
[WhiteElo "2042"]
[BlackElo "2190"]
[PlyCount "92"]
[EventDate "2016.02.??"]
[EventType "swiss"]
[EventRounds "9"]
[EventCountry "USA"]

1. d4 Nf6 2. c4 g6 3. Nc3 Bg7 4. e4 d6 5. f3 O-O 6. Be3 c5 7. Nge2 Nc6 8. d5
Ne5 9. Ng3 h5 10. Be2 e6 11. O-O exd5 12. cxd5 a6 13. a4 Nh7 14. h3 h4 15. Nh1
f5 16. Qd2 Bd7 17. f4 Nf7 18. Bd3 Re8 19. Rae1 Nf6 20. Bf2 fxe4 21. Nxe4 Nxe4
22. Bxe4 Qf6 23. Qc2 Nh8 24. b3 Bh6 25. Be3 Re7 26. Bd2 Bg7 27. Rc1 Qd4+ 28.
Nf2 Rxe4 29. Qxe4 Qxd2 30. Rfd1 Qb2 31. Qe7 Bf5 32. Ne4 Bxe4 33. Qxe4 Qf6 34.
Kh1 Rf8 35. Rf1 Nf7 36. Rce1 Nh6 37. Qe6+ Kh7 38. Qe7 Qc3 39. Rc1 Qb4 40. Kg1
Nf5 41. Rf3 Qd4+ 42. Kh2 Qxd5 43. Re1 Qf7 44. Qxf7 Rxf7 45. Rd1 Re7 46. Rd2 Re1
0-1

[Event "7th Southwest Class Ch."]
[Site "Dallas"]
[Date "2016.02.12"]
[Round "3.28"]
[White "Eckert, Doug"]
[Black "Acosta, Mariano"]
[Result "1-0"]
[WhiteElo "2190"]
[BlackElo "2031"]
[PlyCount "121"]
[EventDate "2016.02.??"]
[EventType "swiss"]
[EventRounds "9"]
[EventCountry "USA"]

1. b3 e5 2. Bb2 Nc6 3. e3 Nf6 4. c4 g6 5. Nf3 Qe7 6. Nc3 Bg7 7. d3 O-O 8. Be2
Rd8 9. e4 Nd4 10. O-O Nxf3+ 11. Bxf3 c6 12. d4 d6 13. Re1 h5 14. Qd2 Bg4 15.
Bxg4 Nxg4 16. d5 Bh6 17. Qe2 c5 18. h3 Nf6 19. g3 Kg7 20. h4 Rh8 21. Nd1 Nd7
22. f4 f6 23. f5 gxf5 24. exf5 Rag8 25. Nf2 Kf8 26. Kh2 Qg7 27. Qf3 Ke7 28. Re4
Kd8 29. a3 Rh7 30. Rg1 Qf7 31. Rg2 Rhg7 32. Nd3 Rh7 33. b4 b6 34. Qd1 Rhg7 35.
Qa4 Nb8 36. bxc5 dxc5 37. Qd1 Nd7 38. Bc3 Rg4 39. Nf2 R4g7 40. Nd3 Rg4 41. Rxg4
Rxg4 42. Qe2 b5 43. cxb5 Qxd5 44. Nf2 Ra4 45. Bb2 Qf7 46. Ne4 Bf8 47. Qf3 Ra5
48. Nc3 Nb8 49. Rd2+ Kc8 50. Qa8 Be7 51. a4 c4 52. Qe4 Bb4 53. Rd5 Qc7 54. Qc2
Qe7 55. Rd1 Qc7 56. Nd5 Qc5 57. Nxf6 Rxa4 58. Rd5 Qe7 59. Qxa4 Kb7 60. Rd7+ Kb6
61. Nd5+ 1-0

[Event "7th Southwest Class Ch."]
[Site "Dallas"]
[Date "2016.02.12"]
[Round "3.29"]
[White "De Jesus, Jeffrey"]
[Black "Johnston, Daniel"]
[Result "1-0"]
[WhiteElo "2169"]
[BlackElo "1906"]
[PlyCount "55"]
[EventDate "2016.02.??"]
[EventType "swiss"]
[EventRounds "9"]
[EventCountry "USA"]

1. e4 c5 2. Nc3 g6 3. f4 Bg7 4. Nf3 Nc6 5. Bc4 e6 6. f5 Nge7 7. fxe6 dxe6 8. d3
O-O 9. O-O a6 10. Qe1 b5 11. Bb3 Nd4 12. Nxd4 cxd4 13. Nd1 Nc6 14. Qg3 h6 15.
Nf2 Na5 16. Ng4 Nxb3 17. axb3 Kh7 18. e5 h5 19. Nf6+ Bxf6 20. Rxf6 Bb7 21. Bd2
Rc8 22. Raf1 Qd7 23. Qf4 Kg8 24. Bb4 Kg7 25. Bxf8+ Rxf8 26. Qg5 a5 27. R6f4 Ba8
28. Qg3 1-0

[Event "7th Southwest Class Ch."]
[Site "Dallas"]
[Date "2016.02.12"]
[Round "3.30"]
[White "Dejmek, Mark"]
[Black "Simms, Gary"]
[Result "1/2-1/2"]
[WhiteElo "1978"]
[BlackElo "2058"]
[PlyCount "67"]
[EventDate "2016.02.??"]
[EventType "swiss"]
[EventRounds "9"]
[EventCountry "USA"]

1. e4 d6 2. d4 Nf6 3. Nc3 Nbd7 4. g4 h6 5. h3 e5 6. Nge2 c6 7. a4 Qc7 8. Bg2
exd4 9. Nxd4 g6 10. Bf4 a6 11. O-O Ne5 12. b3 g5 13. Be3 Rg8 14. a5 h5 15. Nf3
hxg4 16. Nxe5 gxh3 17. Nc4 hxg2 18. Kxg2 Qd7 19. Rh1 Qe6 20. Qf3 Qg4+ 21. Qxg4
Bxg4 22. Nb6 Rd8 23. Rae1 Nd7 24. Nxd7 Kxd7 25. Na4 Re8 26. f3 Be6 27. Rd1 Kc7
28. Rh7 Kb8 29. Bf2 f5 30. e5 dxe5 31. Nc5 Bxc5 32. Bxc5 Rd8 33. Rxd8+ Rxd8 34.
Re7 1/2-1/2

[Event "7th Southwest Class Ch."]
[Site "Dallas"]
[Date "2016.02.13"]
[Round "4.1"]
[White "Xiong, Jeffery"]
[Black "Macieja, Bartlomiej"]
[Result "1-0"]
[WhiteElo "2588"]
[BlackElo "2559"]
[PlyCount "120"]
[EventDate "2016.02.??"]
[EventType "swiss"]
[EventRounds "9"]
[EventCountry "USA"]

1. Nf3 Nf6 2. c4 c5 3. Nc3 d5 4. cxd5 Nxd5 5. d4 Nxc3 6. bxc3 g6 7. e4 Bg7 8.
Rb1 O-O 9. Be2 b6 10. O-O Qc7 11. Bg5 Bb7 12. Qd3 e6 13. Qe3 Nd7 14. e5 Rfc8
15. Rfc1 a6 16. Bh6 Qc6 17. h4 b5 18. Bxg7 Kxg7 19. h5 Qe4 20. h6+ Kg8 21. Qd2
Nb6 22. Re1 cxd4 23. cxd4 Qg4 24. Rec1 Nd5 25. g3 Qh3 26. Bf1 Qh5 27. Bg2 Ne7
28. Ne1 Bxg2 29. Kxg2 Nf5 30. d5 exd5 31. Qxd5 Rd8 32. Qb7 Rab8 33. Qe4 Nxh6
34. Nf3 Qg4 35. Qxg4 Nxg4 36. Rc6 Rdc8 37. Rbc1 Rxc6 38. Rxc6 a5 39. Rc5 a4 40.
Nd4 b4 41. Nc6 Rb7 42. Na5 Rd7 43. Kf3 h5 44. Ke2 Kg7 45. Nc4 Rb7 46. Nb2 a3
47. Nd3 b3 48. axb3 Rxb3 49. Ra5 Nh6 50. Kd2 Nf5 51. Ra4 g5 52. Kc2 Rb5 53.
Rxa3 h4 54. gxh4 gxh4 55. Ra1 Nd4+ 56. Kc3 Nf3 57. Kc4 Rb6 58. Kd5 Rg6 59. Rh1
Rg4 60. Ne1 Rd4+ {Black won a few moves later} 1-0

[Event "7th Southwest Class Ch."]
[Site "Dallas"]
[Date "2016.02.13"]
[Round "4.2"]
[White "Kiewra, Keaton"]
[Black "Holt, Conrad"]
[Result "0-1"]
[WhiteElo "2428"]
[BlackElo "2542"]
[PlyCount "81"]
[EventDate "2016.02.??"]
[EventType "swiss"]
[EventRounds "9"]
[EventCountry "USA"]

1. d4 d5 2. c4 c6 3. Nf3 Nf6 4. Nc3 dxc4 5. a4 Bf5 6. e3 e6 7. Bxc4 Bb4 8. O-O
O-O 9. Qe2 Nbd7 10. e4 Bg4 11. Rd1 Qc7 12. h3 Bh5 13. g4 Bg6 14. Nh4 Rad8 15.
Nxg6 hxg6 16. e5 Bxc3 17. exf6 Bb4 18. fxg7 Kxg7 19. Bg5 Rde8 20. Qe3 Kh8 21.
Qf3 f6 22. Be3 Nb6 23. Bb3 Nd5 24. Bxd5 exd5 25. Bf4 Qd7 26. Rd3 Re4 27. Kg2
Rfe8 28. Rad1 g5 29. Bg3 Qe6 30. b3 Kg7 31. Bh2 Re2 32. Bg3 Qe4 33. Qxe4 R8xe4
34. Kf3 Rb2 35. Rh1 a5 36. h4 gxh4 37. Bxh4 Rd2 38. Rxd2 Bxd2 39. Bg3 Bc3 40.
Rh8 Bxd4 41. Bd6 0-1

[Event "7th Southwest Class Ch."]
[Site "Dallas"]
[Date "2016.02.13"]
[Round "4.3"]
[White "Sadorra, Juio"]
[Black "Liang, Awonder"]
[Result "1/2-1/2"]
[WhiteElo "2514"]
[BlackElo "2379"]
[PlyCount "114"]
[EventDate "2016.02.??"]
[EventType "swiss"]
[EventRounds "9"]
[EventCountry "USA"]

1. d4 Nf6 2. c4 e6 3. Nc3 Bb4 4. g3 O-O 5. Bg2 d5 6. Nf3 dxc4 7. O-O Nc6 8. a3
Be7 9. e4 Na5 10. Be3 Nb3 11. Rb1 c5 12. dxc5 Nxc5 13. Ne5 Bd7 14. Nxc4 Bc6 15.
Ne5 Qxd1 16. Rfxd1 Be8 17. Nc4 Ng4 18. Bf4 g5 19. Bc7 Rc8 20. Bd6 Bxd6 21. Nxd6
Rd8 22. b4 Na4 23. Ne2 b5 24. Bh3 Ne5 25. f4 gxf4 26. gxf4 Nc4 27. Nxc4 Rxd1+
28. Rxd1 bxc4 29. Kf2 Bc6 30. Ke3 f5 31. Ng3 Nc3 32. Rc1 Nxe4 33. Rxc4 Bb5 34.
Rc7 Rd8 35. Bf1 Nf6 36. Kf2 Ng4+ 37. Ke1 a6 38. Bxb5 axb5 39. Nh5 Rd3 40. Rg7+
Kf8 41. Ra7 Rh3 42. Ng7 Rh6 43. a4 bxa4 44. b5 e5 45. Nxf5 Rf6 46. h3 Rxf5 47.
hxg4 Rf6 48. Rxa4 Rb6 49. Rb4 exf4 50. Kf2 Ke7 51. Kf3 Kd6 52. Kxf4 Kc5 53. Rb2
Kd5 54. g5 h5 55. gxh6 Rxh6 56. b6 Rh8 57. b7 Rb8 1/2-1/2

[Event "7th Southwest Class Ch."]
[Site "Dallas"]
[Date "2016.02.13"]
[Round "4.4"]
[White "Langer, Michael"]
[Black "Li, Ruifing"]
[Result "1/2-1/2"]
[WhiteElo "2198"]
[BlackElo "2483"]
[PlyCount "136"]
[EventDate "2016.02.??"]
[EventType "swiss"]
[EventRounds "9"]
[EventCountry "USA"]

1. e4 e6 2. d4 d5 3. Nd2 Be7 4. c3 c5 5. dxc5 Nf6 6. Bd3 dxe4 7. Bxe4 Bxc5 8.
Bc2 O-O 9. Ngf3 Qc7 10. O-O b6 11. Ne4 Be7 12. Nfg5 Nbd7 13. Qd3 Rd8 14. Qf3 h6
15. Nxf6+ Nxf6 16. Ne4 Bb7 17. Bf4 Qc8 18. Rfe1 Nxe4 19. Bxe4 Bxe4 20. Qxe4 Qd7
21. Be5 Qd3 22. Qg4 Qh7 23. Rad1 Rxd1 24. Rxd1 Rd8 25. Rxd8+ Bxd8 26. h3 Bg5
27. Kh2 Bc1 28. b3 h5 29. Qf3 Qc2 30. Bd4 Qxa2 31. Qa8+ Kh7 32. Qe4+ Kh6 33.
Qe5 f6 34. Qxe6 Qc2 35. h4 Bf4+ 36. g3 Be5 37. Be3+ Kh7 38. Qf7 Qd1 39. c4 Qg4
40. Kg2 Qe4+ 41. Kf1 Qf3 42. Qd5 Qxd5 43. cxd5 Kg6 44. Ke2 Kf5 45. Kd3 g5 46.
Kc4 gxh4 47. gxh4 Ke4 48. Bh6 Bd6 49. f3+ Kxf3 50. Kb5 Kg4 51. Kc6 Bb4 52. d6
Kxh4 53. d7 Be7 54. Bf8 Bd8 55. Kd6 b5 56. Be7 Bb6 57. Bxf6+ Kg4 58. d8=Q Bxd8
59. Bxd8 h4 60. Kc5 h3 61. Bc7 Kf3 62. Kxb5 Ke3 63. Ka6 Kd4 64. b4 Kc4 65. Bh2
Kd5 66. Bg3 Kc4 67. Ka5 Kb3 68. Bd6 Kc4 1/2-1/2

[Event "7th Southwest Class Ch."]
[Site "Dallas"]
[Date "2016.02.13"]
[Round "4.5"]
[White "Stukopin, Andrey"]
[Black "Sheng, Joshua"]
[Result "1-0"]
[WhiteElo "2582"]
[BlackElo "2402"]
[PlyCount "39"]
[EventDate "2016.02.??"]
[EventType "swiss"]
[EventRounds "9"]
[EventCountry "USA"]

1. e4 c5 2. Nf3 e6 3. d4 cxd4 4. Nxd4 a6 5. Be2 Nf6 6. Nc3 Bb4 7. O-O Qc7 8.
Qd3 O-O 9. Bg5 Be7 10. f4 d6 11. Kh1 Nbd7 12. Qh3 b5 13. Bd3 g6 14. f5 e5 15.
fxg6 hxg6 16. Nf5 gxf5 17. Rxf5 Nb6 18. Bh6 Bxf5 19. exf5 Ne8 20. f6 1-0

[Event "7th Southwest Class Ch."]
[Site "Dallas"]
[Date "2016.02.13"]
[Round "4.6"]
[White "Peng, David"]
[Black "Indjic, Aleksandar"]
[Result "1/2-1/2"]
[WhiteElo "2256"]
[BlackElo "2562"]
[PlyCount "109"]
[EventDate "2016.02.??"]
[EventType "swiss"]
[EventRounds "9"]
[EventCountry "USA"]

1. e4 d6 2. d4 Nf6 3. Nc3 Nc6 4. f3 e5 5. Nge2 g6 6. Be3 Bg7 7. Qd2 a6 8. O-O-O
b5 9. Bh6 Bxh6 10. Qxh6 Nxd4 11. Nxd4 exd4 12. Rxd4 Qe7 13. Nd5 Nxd5 14. exd5
f5 15. h4 Bd7 16. Bd3 Qe5 17. c3 O-O-O 18. a4 Rde8 19. Qd2 Qe3 20. Qxe3 Rxe3
21. Kd2 Re5 22. f4 Re7 23. axb5 axb5 24. Rb4 c5 25. dxc6 Bxc6 26. Bxb5 Bxg2 27.
Ra1 Rc7 28. Ra6 Rd8 29. Rb6 Rc5 30. Bd3 Kc7 31. Ra6 Ra8 32. Rxa8 Bxa8 33. Ra4
Bb7 34. b4 Rc6 35. c4 Kb6 36. Ra1 Rc7 37. Re1 Be4 38. Bxe4 Rxc4 39. Bd3 Rxf4
40. Rh1 Rxb4 41. h5 Rd4 42. hxg6 hxg6 43. Rc1 d5 44. Ke3 Rh4 45. Bb1 d4+ 46.
Ke2 Rh3 47. Rc4 Re3+ 48. Kf2 Rb3 49. Bxf5 gxf5 50. Rxd4 Kc6 51. Rd8 f4 52. Rd4
f3 53. Rf4 Rc3 54. Rxf3 Rxf3+ 55. Kxf3 1/2-1/2

[Event "7th Southwest Class Ch."]
[Site "Dallas"]
[Date "2016.02.13"]
[Round "4.7"]
[White "Andrenko, Iryna"]
[Black "Baryshpolets, Andrey"]
[Result "0-1"]
[WhiteElo "2217"]
[BlackElo "2548"]
[PlyCount "76"]
[EventDate "2016.02.??"]
[EventType "swiss"]
[EventRounds "9"]
[EventCountry "USA"]

1. e4 c5 2. Nf3 d6 3. d4 cxd4 4. Nxd4 Nf6 5. Nc3 Nc6 6. Bg5 e6 7. Qd2 a6 8. f3
Be7 9. O-O-O Nxd4 10. Qxd4 O-O 11. h4 b5 12. Bd3 Bb7 13. Kb1 Rc8 14. Rhe1 Qc7
15. g4 Rfd8 16. Qf2 b4 17. Ne2 a5 18. Nd4 a4 19. Qd2 Rb8 20. Nb5 Qa5 21. a3 Ba6
22. axb4 Qb6 23. c4 d5 24. c5 Qb7 25. e5 Bxb5 26. exf6 Bxd3+ 27. Qxd3 Qxb4 28.
Qd4 Bxc5 29. Qxb4 Bxb4 30. fxg7 Bxe1 31. Bxd8 Bc3 32. Kc2 Bxg7 33. Be7 Rxb2+
34. Kd3 a3 35. Rc1 h6 36. Rc8+ Kh7 37. Ra8 a2 38. Ra3 Rg2 0-1

[Event "7th Southwest Class Ch."]
[Site "Dallas"]
[Date "2016.02.13"]
[Round "4.8"]
[White "Wang, Michael"]
[Black "Aponte, Felix"]
[Result "0-1"]
[WhiteElo "2197"]
[BlackElo "2409"]
[PlyCount "122"]
[EventDate "2016.02.??"]
[EventType "swiss"]
[EventRounds "9"]
[EventCountry "USA"]

1. e4 c5 2. Nf3 Nc6 3. d4 cxd4 4. Nxd4 e5 5. Nb5 d6 6. N1c3 a6 7. Na3 b5 8. Nd5
Nce7 9. c4 Nxd5 10. exd5 bxc4 11. Nxc4 Nf6 12. g3 Be7 13. Bg2 O-O 14. b4 Rb8
15. a3 Bd7 16. Bb2 Bb5 17. Qb3 e4 18. a4 Bxc4 19. Qxc4 Qb6 20. Ba3 Rfc8 21. Qb3
Ng4 22. O-O e3 23. Bh3 e2 24. Bxg4 exf1=Q+ 25. Rxf1 Rc7 26. Be2 Bf6 27. a5 Qxa5
28. bxa5 Rxb3 29. Bxd6 Rd7 30. Bf4 Ra3 31. Bxa6 Rxd5 32. Bc7 Bc3 33. Bc4 Rd7
34. Rb1 h5 35. Rb8+ Kh7 36. Bb6 Bxa5 37. Ra8 Bb4 38. Rxa3 Bxa3 39. h4 Bb2 40.
Be3 g6 41. Kg2 Kg7 42. Bb5 Rd8 43. Bc6 Bd4 44. Bxd4+ Rxd4 45. Kf3 Kf6 46. Be8
Rd8 47. Bb5 Ke5 48. Bc4 Rd7 49. Ke3 Re7 50. Ba2 Ra7 51. Bc4 Ra3+ 52. Ke2 f5 53.
Kf1 f4 54. Kg2 f3+ 55. Kh3 Ra1 56. Kh2 Kd4 57. Bb5 Ra5 58. Bc6 Ra2 59. Bb5 Rb2
60. Bf1 Rxf2+ 61. Kg1 Ke3 0-1

[Event "7th Southwest Class Ch."]
[Site "Dallas"]
[Date "2016.02.13"]
[Round "4.9"]
[White "Vazquez, Guillermo"]
[Black "Bykovtsev, Agata"]
[Result "1/2-1/2"]
[WhiteElo "2400"]
[BlackElo "2176"]
[PlyCount "112"]
[EventDate "2016.02.??"]
[EventType "swiss"]
[EventRounds "9"]
[EventCountry "USA"]

1. e4 c5 2. Nf3 d6 3. d4 cxd4 4. Qxd4 Nc6 5. Bb5 Bd7 6. Qd3 Nf6 7. c4 g6 8. Nc3
Bg7 9. O-O O-O 10. h3 a6 11. Bxc6 Bxc6 12. Be3 Qc7 13. Rac1 b6 14. Nd5 Qb7 15.
Nd4 Bxd5 16. cxd5 e6 17. Nc6 exd5 18. exd5 Nd7 19. Qd2 Nc5 20. Rfe1 Rfe8 21.
Bd4 f6 22. f3 Qf7 23. Bxc5 bxc5 24. b4 cxb4 25. Qxb4 Bh6 26. Rcd1 Be3+ 27. Kh1
Bc5 28. Qc4 Rxe1+ 29. Rxe1 Re8 30. Re6 Kg7 31. Qe2 Rxe6 32. dxe6 Qe8 33. Qe4 f5
34. Qd5 Kf6 35. e7 Qf7 36. Qd2 Qe8 37. Qe2 a5 38. a4 g5 39. g4 fxg4 40. hxg4 h5
41. Qe4 hxg4 42. fxg4 Be3 43. Kg2 Bf4 44. Kf1 Kg7 45. Nd4 Be5 46. Nf5+ Kf6 47.
Qh1 Ke6 48. Qh6+ Kd5 49. Qf8 Qxa4 50. Qa8+ Kc5 51. Ne3 Qa1+ 52. Ke2 Qb2+ 53.
Kd3 Qb3+ 54. Ke2 Qa2+ 55. Kd3 Qb3+ 56. Ke2 Qa2+ 1/2-1/2

[Event "7th Southwest Class Ch."]
[Site "Dallas"]
[Date "2016.02.13"]
[Round "4.12"]
[White "Furfine, Jacob"]
[Black "Gu, Christopher"]
[Result "1/2-1/2"]
[WhiteElo "2181"]
[BlackElo "2337"]
[PlyCount "95"]
[EventDate "2016.02.??"]
[EventType "swiss"]
[EventRounds "9"]
[EventCountry "USA"]

1. d4 Nf6 2. c4 e6 3. g3 d5 4. Bg2 Bb4+ 5. Bd2 Be7 6. Nf3 O-O 7. O-O c6 8. Qc2
b6 9. Bf4 Nbd7 10. Nc3 Bb7 11. Rfd1 Nh5 12. Bd2 f5 13. Rab1 Rc8 14. b4 Bd6 15.
Qb3 Nhf6 16. Be1 Qe7 17. a4 Ne4 18. e3 g5 19. cxd5 cxd5 20. Rdc1 g4 21. Nd2
Nxc3 22. Rxc3 Rxc3 23. Qxc3 Rc8 24. Qb2 Nf6 25. b5 Qc7 26. Nb3 Qc2 27. Bf1 Ne4
28. Qxc2 Rxc2 29. Bd3 Ra2 30. Rc1 Rb2 31. Rb1 Ra2 32. Rc1 Rb2 33. Rb1 Rxb1 34.
Bxb1 Ng5 35. Bc3 Kf7 36. Nc1 Ne4 37. Be1 e5 38. Nb3 Kf6 39. Bd3 Ng5 40. Bc3
Nf3+ 41. Kg2 h5 42. Be2 Ng5 43. dxe5+ Bxe5 44. Bd4 Bxd4 45. Nxd4 Ne6 46. Bd3
Nxd4 47. exd4 Bc8 48. f4 1/2-1/2

[Event "7th Southwest Class Ch."]
[Site "Dallas"]
[Date "2016.02.13"]
[Round "4.13"]
[White "Mulyar, Michael"]
[Black "Sawyer, Bradley"]
[Result "1-0"]
[WhiteElo "2408"]
[BlackElo "2124"]
[PlyCount "63"]
[EventDate "2016.02.??"]
[EventType "swiss"]
[EventRounds "9"]
[EventCountry "USA"]

1. d4 Nf6 2. Nf3 e6 3. c4 Bb4+ 4. Bd2 a5 5. g3 d6 6. Bg2 Nbd7 7. O-O e5 8. Be3
exd4 9. Bxd4 O-O 10. Nc3 c6 11. Qc2 Qe7 12. Na4 b5 13. cxb5 cxb5 14. a3 Bc5 15.
Nxc5 dxc5 16. Bxf6 Nxf6 17. Nd4 Bd7 18. Bxa8 Rxa8 19. Nf3 Re8 20. Rac1 Bh3 21.
Rfe1 Ne4 22. Qd3 c4 23. Qe3 Kf8 24. a4 Qb4 25. Qa3 c3 26. Qxb4+ axb4 27. axb5
Bf5 28. Nd4 Bg6 29. bxc3 Nxc3 30. f3 Rb8 31. Nc6 Rxb5 32. Nxb4 1-0

[Event "7th Southwest Class Ch."]
[Site "Dallas"]
[Date "2016.02.13"]
[Round "4.14"]
[White "Gurevich, Daniel"]
[Black "Toolin, Christopher"]
[Result "1-0"]
[WhiteElo "2477"]
[BlackElo "2241"]
[PlyCount "69"]
[EventDate "2016.02.??"]
[EventType "swiss"]
[EventRounds "9"]
[EventCountry "USA"]

1. d4 Nf6 2. Nf3 d5 3. c4 e6 4. Nc3 Bb4 5. Bg5 Nbd7 6. e3 c5 7. cxd5 exd5 8.
Bd3 Qa5 9. Qc2 c4 10. Bf5 O-O 11. O-O Re8 12. Nd2 g6 13. Bh3 Kg7 14. Rae1 h6
15. Bf4 Nb6 16. Bxc8 Raxc8 17. Be5 Bxc3 18. bxc3 Na4 19. Rc1 Re6 20. e4 Kg8 21.
f4 Ng4 22. exd5 Rb6 23. Qe4 f5 24. Qf3 Rb2 25. Ne4 Nb6 26. Nc5 Nxe5 27. fxe5
Rxc5 28. dxc5 Qxc5+ 29. Kh1 Qxd5 30. Qg3 Kh7 31. Rcd1 f4 32. Rxd5 fxg3 33. Rd8
Kg7 34. e6 Rf2 35. Rfd1 1-0

[Event "7th Southwest Class Ch."]
[Site "Dallas"]
[Date "2016.02.13"]
[Round "4.15"]
[White "Ruiz, Joshua"]
[Black "Vaidya, Atulya"]
[Result "1-0"]
[WhiteElo "2371"]
[BlackElo "1848"]
[PlyCount "67"]
[EventDate "2016.02.??"]
[EventType "swiss"]
[EventRounds "9"]
[EventCountry "USA"]

1. e4 c6 2. d4 d5 3. e5 Bf5 4. h4 h5 5. c4 e6 6. Nc3 Nd7 7. Bg5 Qa5 8. a3 dxc4
9. Bxc4 b5 10. Be2 b4 11. axb4 Qxb4 12. Qd2 Rb8 13. Ra2 f6 14. exf6 gxf6 15.
Be3 Ne7 16. Bf3 Nb6 17. Nge2 Ned5 18. O-O Bd6 19. Qc1 Nc4 20. Nxd5 cxd5 21. Bf4
a5 22. Ng3 Bg4 23. Bxg4 hxg4 24. b3 Qxb3 25. Bxd6 Nxd6 26. Qc6+ Kf7 27. Qd7+
Kg6 28. h5+ Kh6 29. Qxe6 Rhf8 30. Qxg4 Rg8 31. Qf4+ Kh7 32. Rxa5 Ne4 33. Ra7+
Rb7 34. Nxe4 1-0

[Event "7th Southwest Class Ch."]
[Site "Dallas"]
[Date "2016.02.13"]
[Round "4.16"]
[White "Niemann, Hans"]
[Black "Gutman, Joshua"]
[Result "1-0"]
[WhiteElo "2320"]
[BlackElo "2092"]
[PlyCount "43"]
[EventDate "2016.02.??"]
[EventType "swiss"]
[EventRounds "9"]
[EventCountry "USA"]

1. d4 d5 2. c4 c6 3. Nf3 Nf6 4. e3 e6 5. Nbd2 Nbd7 6. Bd3 Bd6 7. O-O O-O 8. e4
dxe4 9. Nxe4 Nxe4 10. Bxe4 h6 11. b3 e5 12. dxe5 Nxe5 13. Bb2 Qf6 14. Kh1 Bg4
15. Qd4 Nxf3 16. Qxf6 gxf6 17. gxf3 Bh5 18. Rg1+ Bg6 19. Bxg6 fxg6 20. Rxg6+
Kh7 21. Rag1 Be5 22. Bc1 1-0

[Event "7th Southwest Class Ch."]
[Site "Dallas"]
[Date "2016.02.13"]
[Round "4.17"]
[White "Gorti, Akshita"]
[Black "Serna, Jeffery"]
[Result "1/2-1/2"]
[WhiteElo "2242"]
[BlackElo "2009"]
[PlyCount "60"]
[EventDate "2016.02.??"]
[EventType "swiss"]
[EventRounds "9"]
[EventCountry "USA"]

1. d4 Nf6 2. c4 e6 3. Nf3 Bb4+ 4. Nbd2 O-O 5. a3 Bxd2+ 6. Qxd2 b6 7. e3 Bb7 8.
Be2 d6 9. O-O Nbd7 10. b4 c5 11. Bb2 Qe7 12. Qc2 Rfc8 13. Qb3 d5 14. Nd2 dxc4
15. Bxc4 Bd5 16. Rfc1 cxd4 17. Bxd4 Bxc4 18. Rxc4 e5 19. Bb2 b5 20. Rxc8+ Rxc8
21. a4 bxa4 22. Qxa4 Rc7 23. Nf3 h6 24. h3 Nb6 25. Qb5 e4 26. Ne5 Nfd5 27. Rd1
Rc2 28. Bd4 Qxb4 29. Qe8+ Qf8 30. Qb5 Qb4 1/2-1/2